000 01502cam a22003374i 4500
003 PE-LiUPU
005 20250731183358.0
008 150623s r 000 0 d
035 _a(Sirsi) a20234
040 _aPE-LiUPU
_bspa
_cPE-LiUPU
_erda
082 0 4 _a783
_bH49
_221
245 0 4 _aThe Hymnal for worship & celebration :
_bcontaining Scriptures from the New American standard Bible, revised standard version, the Holy Bible, new international version, the New King James version /
_cEditora Tom Fettke, editor asociado, Ken Barker].
264 1 _aNashville, Tennessee :
_bWord music,
_c1986.
300 _a720 páginas ;
_c23 cm.
336 _atext
_2rdacontent
337 _aunmediated
_2rdamedia
338 _avolume
_2rdacarrier
505 0 _aThe hymnal for worship e celebration; containing scriptures from the new american standard bible revised standard version the Holy Bible, New international version the new kig James version.
526 _aP158
526 _aP146
526 _aP17
526 _aP12
526 _aP06
650 0 4 _aHimnos
_xInglés.
700 1 _aFettke, Tom.
942 _2ddc
_cBOOK
949 _a783 H49
_wDEWEY
_c1
_i43701
_lCCODEBUL1
_mBUL
_p00.00
_r0
_sY
_tBOOK
_u2015-06-24
_xTEOLOGIA
_PP35
_0COMPRA
_o.STAFF. Colección General
596 _a1
999 _a783 H49
_wDEWEY
_c20103
_i43701
_f2021-11-11
_g5
_lCCODEBUL1
_mBUL
_r0
_sY
_tBOOK
_u2015-6-24
_xTEOLOGIA
_PP35
_0COMPRA
_o.STAFF. Colección General
_d20103
980 _81
_gALBERTO SANCHEZ Responsable de Automatización